"State Anthem of Ukraine" Lyrics - Statistics

General Stats
  • This quiz has been taken 15 times
  • The average score is 9 of 14
Answer Stats
Lyric % Correct
And we'll show that we are of the {Cossack} nation!
100%
We'll lay down our {souls} and bodies to attain our freedom,
100%
And we too shall rule, {brothers}, in a free land of our own.
92%
Our enemies will vanish like dew in the {sun},
92%
Brethren, stand together in a bloody fight, from the Sian to the {Don},
83%
For in our own {Ukraine} fortune shall flourish again.
83%
The Black Sea will smile and grandfather {Dnipro} will rejoice,
83%
Ukraine's freedom has not yet perished, nor has her {glory},
75%
Upon us, fellow Ukrainians, fate shall {smile} once more.
67%
Echoing off the {Carpathians}, and rumbling the steppes,
42%
And freedom's {song} will resound through all of Ukraine.
33%
Ukraine's {fame} and glory will be known among all nations.
33%
We will not allow others to rule in our {native} land.
33%
Our persistence and our sincere {toils} will be rewarded,
8%
No matching quizzes found
Score Distribution
Percent of People with Each Score
Percentile by Number Answered
Your Score History
You have not taken this quiz